000 00826pam a2200289 a 4500
001 2689
005 20240110093130.0
020 _a0394849787
020 _a0394949781 (lib. bdg.)
020 _a079808004503
040 _aDLC
_cDLC
_dDLC
_beng
050 0 0 _aPZ7.P2197
_bDo 1981
082 0 0 _a510.76
_219
100 1 _aPark, Barbara
245 1 0 _aDon't make me smile /
_cby Barbara Park
250 _aFirst Bullseye books edition: 1990
260 _aNew York :
_bRandom House,
_c1981
300 _a114 pages ;
_c20cm
500 _aSequel: My mother got married.
505 _aI
520 _aA young boy has trouble adjusting to his parent's divorce.
521 _a500
_bLexile
521 _aI
_bRaz-Plus
650 1 _aDivorce
_vFiction.
906 _a7
_bcbc
_corignew
_d1
_eocip
_f19
_gy-gencatlg
942 _2ddc
_cBK
_n0
999 _c2689
_d2689